[Event "51st Groningen Open A 2013"]
[Site "Groningen NED"]
[Date "2013.12.29"]
[Round "8.50"]
[White "Veltman, Anne"]
[Black "Hummel, Joop"]
[Result "0-1"]
[WhiteElo "2052"]
[BlackElo "2006"]
[WhiteFideId "1026917"]
[BlackFideId "1012126"]
[EventDate "2013.12.21"]

1. e4 c5 2. Nf3 d6 3. d4 cxd4 4. Nxd4 Nf6 5. Nc3 a6 6. Bc4 e6 7. Bg5 Nbd7 8. f4
Qa5 9. Qe2 Be7 10. Bb3 h6 11. Bxf6 Bxf6 12. O-O-O Qc5 13. e5 dxe5 14. Ne4 Qe7
15. Nf5 exf5 16. Nd6+ Kf8 17. Nxf5 Qb4 18. fxe5 Qf4+ 19. Kb1 Qxe5 20. Qxe5 Nxe5
21. Nd6 Bg4 22. Rde1 Rd8 23. Nxb7 Rd2 24. Nc5 Bf5 25. Rhf1 Bg6 26. Nxa6 Kg8 27.
g4 Kh7 28. h3 Nd3 29. Re3 Ra8 30. Nc7 Rc8 31. Nd5 Bd4 32. Ne7 Bxe3 33. Nxc8 Nc5
34. Ne7 Be4 35. Bxf7 Bg5 36. b4 Bxc2+ 37. Kb2 Bd3+ 38. Kc3 Ne4+ 39. Kb3 Bxe7 40.
Rc1 Bf6 41. a4 Rb2+ 42. Ka3 Nd2 43. a5 Bb5 44. Ba2 Ne4 45. Be6 Nd6 46. Rc7 Re2
47. Bd5 Re3+ 48. Ka2 Rc3 49. Ra7 Nc4 50. Be4+ Kg8 51. Bg6 Nd6 52. Ra8+ Rc8 53.
Ra7 Bc4+ 54. Kb1 Nb5 55. Rd7 Na3+ 0-1

[Event "51st Groningen Open A 2013"]
[Site "Groningen NED"]
[Date "2013.12.30"]
[Round "9.3"]
[White "Stukopin, Andrey"]
[Black "Ernst, Sipke"]
[Result "0-1"]
[WhiteTitle "IM"]
[BlackTitle "GM"]
[WhiteElo "2509"]
[BlackElo "2566"]
[WhiteFideId "24107131"]
[BlackFideId "1004689"]
[EventDate "2013.12.21"]

1. Nf3 f5 2. g3 Nf6 3. Bg2 d6 4. d4 g6 5. O-O Bg7 6. c4 O-O 7. Nc3 c6 8. b4 e5
9. dxe5 dxe5 10. Bb2 Qe7 11. Qb3 Na6 12. b5 Nc5 13. Qb4 a5 14. Qa3 Nfd7 15. Na4
Re8 16. bxc6 bxc6 17. Nd2 e4 18. Bxg7 Kxg7 19. Nb3 Nxa4 20. Qxa4 Ne5 21. f4 exf3
22. exf3 Nd3 23. Qxc6 Ra6 24. Qb5 a4 25. Nd4 Rd6 26. Nc2 Qa7+ 27. c5 Re5 28. Kh1
Rxc5 29. Qb1 Rc3 30. h3 Qc5 0-1

[Event "51st Groningen Open A 2013"]
[Site "Groningen NED"]
[Date "2013.12.30"]
[Round "9.5"]
[White "Romanov, Evgeny"]
[Black "Kohlweyer, Bernd"]
[Result "1-0"]
[WhiteTitle "GM"]
[BlackTitle "IM"]
[WhiteElo "2654"]
[BlackElo "2431"]
[WhiteFideId "4148843"]
[BlackFideId "4600622"]
[EventDate "2013.12.21"]

1. e4 c5 2. Nf3 e6 3. g3 b6 4. Bg2 Bb7 5. Qe2 d6 6. d4 Nf6 7. d5 Qe7 8. dxe6
Qxe6 9. Nc3 Be7 10. Nb5 Na6 11. Ng5 Qd7 12. Bf4 h6 13. Nf3 Qe6 14. Bxd6 Nxe4 15.
Nd2 f5 16. Bxe7 Kxe7 17. O-O-O Rhd8 18. a3 Kf8 19. Nxe4 fxe4 20. Rhe1 Qe7 21.
Rxd8+ Rxd8 22. Bxe4 Bxe4 23. Qxe4 Qd7 24. Qf3+ Kg8 25. Rd1 1-0

[Event "51st Groningen Open A 2013"]
[Site "Groningen NED"]
[Date "2013.12.30"]
[Round "9.7"]
[White "Michalik, Peter"]
[Black "Peng, Zhaoqin"]
[Result "1/2-1/2"]
[WhiteTitle "GM"]
[BlackTitle "GM"]
[WhiteElo "2577"]
[BlackElo "2369"]
[WhiteFideId "14907526"]
[BlackFideId "1004786"]
[EventDate "2013.12.21"]

1. d4 d6 2. Nf3 Bg4 3. e4 Nf6 4. h3 Bh5 5. Nc3 e6 6. Be3 c6 7. g4 Bg6 8. Nd2 d5
9. e5 Nfd7 10. f4 h5 11. f5 exf5 12. g5 h4 13. Ne2 Be7 14. Nf3 Nf8 15. Nf4 Bh5
16. Be2 Bxf3 17. Bxf3 Bxg5 18. Qd3 Bxf4 19. Bxf4 Ne6 20. Qxf5 Nxd4 21. Qd3 Ne6
22. Bh2 Qa5+ 23. c3 Nd7 24. O-O O-O-O 25. Bg4 Rdf8 26. b4 Qa6 27. Qd2 Rh6 28.
Kh1 Qc4 29. Be2 Qe4+ 30. Bf3 Qc4 31. Be2 Qe4+ 32. Bf3 Qc4 33. Be2 1/2-1/2

[Event "51st Groningen Open A 2013"]
[Site "Groningen NED"]
[Date "2013.12.30"]
[Round "9.8"]
[White "Kovchan, Alexander"]
[Black "Arslanov, Shamil"]
[Result "1/2-1/2"]
[WhiteTitle "GM"]
[BlackTitle "IM"]
[WhiteElo "2562"]
[BlackElo "2403"]
[WhiteFideId "14103052"]
[BlackFideId "4192826"]
[EventDate "2013.12.21"]

1. e4 e6 2. d4 d5 3. Nc3 Bb4 4. e5 c5 5. a3 Bxc3+ 6. bxc3 Ne7 7. Qg4 cxd4 8.
Qxg7 Rg8 9. Qxh7 Qc7 10. Ne2 Nbc6 11. f4 dxc3 12. Qd3 d4 13. Nxd4 Nxd4 14. Qxd4
Bd7 15. Rg1 Nf5 16. Qf2 Qc6 17. Bd3 Qd5 18. a4 O-O-O 19. Ra3 Kb8 20. Rxc3 Bxa4
21. Qc5 Qd7 22. Ra3 b6 23. Qf2 Bb5 24. g4 Nd4 25. c4 Qc6 26. Rg3 Bxc4 27. Bxc4
Qxc4 28. Rac3 Qd5 29. Qg2 Qa5 30. Bd2 Qb5 31. Qe4 Rd5 32. Bc1 Rgd8 33. Ba3 Nf5
34. Bd6+ Nxd6 35. exd6 R8xd6 36. Rc1 Rd4 37. Qc2 Qb4+ 38. Kf1 Rxf4+ 39. Kg1 Qd4+
40. Kh1 Qe4+ 41. Qxe4 Rxe4 42. Rf3 Rd7 43. h3 Re2 44. g5 Rdd2 45. Rg3 a5 46. Kg1
a4 47. h4 Rh2 48. Rc4 Rhe2 49. Rc1 Rh2 50. Rc4 Rhe2 51. Rc1 1/2-1/2

[Event "51st Groningen Open A 2013"]
[Site "Groningen NED"]
[Date "2013.12.30"]
[Round "9.9"]
[White "Klein, David"]
[Black "Svane, Rasmus"]
[Result "0-1"]
[WhiteTitle "IM"]
[BlackTitle "IM"]
[WhiteElo "2491"]
[BlackElo "2472"]
[WhiteFideId "1003623"]
[BlackFideId "4657101"]
[EventDate "2013.12.21"]

1. e4 c6 2. d4 d5 3. Nc3 dxe4 4. Nxe4 Bf5 5. Ng3 Bg6 6. Bc4 e6 7. N1e2 Nf6 8.
O-O Bd6 9. Nf4 Qc7 10. Nxg6 hxg6 11. Qf3 Nbd7 12. c3 O-O-O 13. h3 Nb6 14. Bb3
Nbd5 15. Ne4 Nxe4 16. Qxe4 Rh5 17. Bd1 Rh7 18. Bg5 Rdh8 19. c4 Bh2+ 20. Kh1 Bf4
21. cxd5 Bxg5 22. Bg4 Kb8 23. f4 cxd5 24. Qe3 Bf6 25. Rac1 Qb6 26. Qa3 Rd8 27.
Rf3 Rhh8 28. Rb3 Qd6 29. Rb4 Qxf4 30. Rc3 Bxd4 31. Qa6 Rd7 32. Qb5 Re7 33. Qd3
Qxg4 34. Rxd4 Qg5 35. Ra4 Qe5 36. Qb5 Rc7 37. Qa5 b6 38. Qb4 Rhc8 39. Ra6 d4 40.
Rxc7 Rxc7 41. Rxb6+ axb6 42. Qxb6+ Kc8 43. Qa6+ Kd8 44. Qa8+ Rc8 45. Qa5+ Qxa5 0-1

[Event "51st Groningen Open A 2013"]
[Site "Groningen NED"]
[Date "2013.12.30"]
[Round "9.11"]
[White "Azaladze, Shota"]
[Black "Beukema, Stefan"]
[Result "0-1"]
[WhiteTitle "IM"]
[BlackTitle "FM"]
[WhiteElo "2482"]
[BlackElo "2280"]
[WhiteFideId "13603027"]
[BlackFideId "1024523"]
[EventDate "2013.12.21"]

1. g3 f5 2. d4 Nf6 3. Bg2 g6 4. Nh3 Bg7 5. Nf4 Nc6 6. h4 e5 7. dxe5 Nxe5 8. Nc3
c6 9. h5 d5 10. Be3 Nc4 11. Bc1 Ng4 12. Nd3 g5 13. e3 O-O 14. Ne2 Bd7 15. c3 Qe7
16. b3 Nce5 17. a4 Rfe8 18. Ba3 Qf7 19. h6 Bxh6 20. Nxe5 Rxe5 21. Rxh6 Nxh6 22.
Qd4 Rae8 23. c4 dxc4 24. O-O-O Bc8 25. Bb2 c3 26. Qxc3 Qg6 27. Qc4+ Be6 28. Qb4
a5 29. Qb6 Nf7 30. Bxe5 Nxe5 31. Qxb7 f4 32. Nd4 fxe3 33. fxe3 Nd3+ 34. Kd2 Nf2
35. Qxc6 Qd3+ 36. Ke1 Qxd1+ 37. Kxf2 Rf8+ 38. Bf3 Qd2+ 39. Ne2 Bd5 0-1

[Event "51st Groningen Open A 2013"]
[Site "Groningen NED"]
[Date "2013.12.30"]
[Round "9.12"]
[White "Lobzhanidze, Davit"]
[Black "Danielian, Elina"]
[Result "1/2-1/2"]
[WhiteTitle "IM"]
[BlackTitle "GM"]
[WhiteElo "2445"]
[BlackElo "2462"]
[WhiteFideId "13600796"]
[BlackFideId "13300210"]
[EventDate "2013.12.21"]

1. e4 c6 2. d4 d5 3. Nc3 dxe4 4. Nxe4 Bf5 5. Ng3 Bg6 6. h4 h6 7. Nf3 Nd7 8. h5
Bh7 9. Bd3 Bxd3 10. Qxd3 e6 11. Bd2 Ngf6 12. O-O-O Qc7 13. Ne4 O-O-O 14. g3 Nc5
15. Nxc5 1/2-1/2

[Event "51st Groningen Open A 2013"]
[Site "Groningen NED"]
[Date "2013.12.30"]
[Round "9.15"]
[White "Pijpers, Arthur"]
[Black "Garcia Palermo, Carlos"]
[Result "0-1"]
[BlackTitle "GM"]
[WhiteElo "2366"]
[BlackElo "2450"]
[WhiteFideId "1019554"]
[BlackFideId "110124"]
[EventDate "2013.12.21"]

1. e4 c6 2. d4 d5 3. Nc3 dxe4 4. Nxe4 Bf5 5. Ng3 Bg6 6. h4 h6 7. Nf3 Nd7 8. h5
Bh7 9. Bd3 Bxd3 10. Qxd3 e6 11. Bf4 Qa5+ 12. Bd2 Bb4 13. c3 Be7 14. c4 Qc7 15.
O-O-O Ngf6 16. Kb1 O-O 17. Bc1 Rad8 18. Qe2 Bd6 19. Ne4 Bf4 20. Rh4 Bxc1 21.
Rxc1 c5 22. Nxf6+ Nxf6 23. Qe5 Qxe5 24. dxe5 Nd7 25. Rd1 Nb8 26. Rxd8 Rxd8 27.
Kc2 Nc6 28. a3 f6 29. exf6 gxf6 30. Kc3 Kf7 31. b4 Rd1 32. b5 Na5 33. Nd2 Ra1
34. Ne4 Rxa3+ 35. Kc2 Nxc4 36. Nxc5 Nd6 37. Rd4 Nxb5 38. Rd3 Rxd3 39. Kxd3 b6
40. Nd7 Ke7 41. Nb8 a5 42. g4 e5 43. Kc4 Nc7 44. Nc6+ Kd7 45. g5 Kxc6 46. gxh6
Nb5 47. h7 Nd6+ 48. Kd3 Nf7 0-1

[Event "51st Groningen Open A 2013"]
[Site "Groningen NED"]
[Date "2013.12.30"]
[Round "9.18"]
[White "Chytilek, Roman"]
[Black "Von Meijenfeldt, Bart"]
[Result "1/2-1/2"]
[WhiteTitle "IM"]
[WhiteElo "2374"]
[BlackElo "2207"]
[WhiteFideId "304980"]
[BlackFideId "1032259"]
[EventDate "2013.12.21"]

1. d4 Nf6 2. c4 g6 3. Nc3 Bg7 4. e4 d6 5. h3 O-O 6. Bg5 c5 7. d5 e6 8. Bd3 exd5
9. cxd5 Re8 10. Nf3 c4 11. Bc2 b5 12. a3 Nbd7 13. O-O Nc5 14. Nd4 Qb6 15. Be3
Bd7 16. Rb1 Qb8 17. Qf3 a5 18. b4 cxb3 19. Nxb3 Nxb3 20. Rxb3 Qc7 1/2-1/2

[Event "51st Groningen Open A 2013"]
[Site "Groningen NED"]
[Date "2013.12.30"]
[Round "9.21"]
[White "Schippers, Maurice"]
[Black "Struik, Tjapko"]
[Result "1/2-1/2"]
[WhiteElo "2216"]
[BlackElo "2262"]
[WhiteFideId "1004735"]
[BlackFideId "1011243"]
[EventDate "2013.12.21"]

1. e4 e5 2. Nf3 Nc6 3. Bc4 Bc5 4. c3 Nf6 5. d3 d6 6. O-O a6 7. b4 Ba7 8. Qe2 h6
9. Be3 O-O 10. Nbd2 Ne7 11. Bb3 Ng6 12. Rfe1 Nh5 13. Bxa7 Rxa7 14. d4 Qf6 15.
Kh1 Ngf4 16. Qe3 b6 17. Rad1 Ra8 18. dxe5 dxe5 19. Nc4 Re8 20. Ncxe5 Rxe5 21.
Nxe5 Qxe5 22. g3 Ng6 23. Rd5 Nxg3+ 24. hxg3 Qe7 25. Rd2 Bb7 26. Bd5 Bxd5 27.
exd5 Qd7 28. Kh2 Rd8 29. Qe4 Qd6 30. a3 h5 31. c4 h4 32. Kg2 Qf6 33. Rh1 Kf8 34.
Re2 Qg5 35. Qf3 b5 36. cxb5 axb5 37. Re4 Qxd5 38. Rhe1 Qg5 39. Qe3 Qxe3 40.
R4xe3 hxg3 41. fxg3 c6 42. Rf1 Rd5 43. Rc1 Rd6 44. Ree1 Ne7 45. Rcd1 Nd5 46. Kg1
Rg6 47. Rd3 Rd6 48. Kf2 Rf6+ 49. Rf3 Rh6 50. Rd3 Rf6+ 51. Kg1 Rd6 52. Re5 Rg6
53. Kf2 Rf6+ 54. Ke2 Rg6 55. Kd2 Rg4 56. Kc2 Rc4+ 57. Kb3 Rg4 58. Re2 Rg6 59.
Re4 Rd6 60. g4 g5 61. Re5 f6 62. Re4 Kf7 63. Rdd4 Rd8 64. a4 bxa4+ 65. Kxa4 Rh8
66. Rd3 Rh1 67. Ka3 Rb1 68. Rb3 Rd1 69. Rc4 Ne7 70. Re3 Rd6 71. Rce4 Ng6 72. Ka4
Rd5 73. Rc3 Ne5 74. Rc5 Rxc5 75. bxc5 Nd3 76. Rd4 1/2-1/2

[Event "51st Groningen Open A 2013"]
[Site "Groningen NED"]
[Date "2013.12.30"]
[Round "9.22"]
[White "Burg, Twan"]
[Black "Schoehuijs, Erik"]
[Result "1-0"]
[WhiteTitle "IM"]
[WhiteElo "2490"]
[BlackElo "2180"]
[WhiteFideId "1010697"]
[BlackFideId "1004425"]
[EventDate "2013.12.21"]

1. e4 e5 2. Nf3 Nc6 3. d4 exd4 4. Nxd4 Bb4+ 5. c3 Bc5 6. Be3 Bb6 7. Nf5 Bxe3 8.
Nxe3 Nf6 9. f3 O-O 10. c4 Nh5 11. Qd2 d6 12. Nc3 f5 13. exf5 Bxf5 14. g4 Bg6 15.
gxh5 Qh4+ 16. Qf2 Qxh5 17. Be2 Rae8 18. O-O Qc5 19. Ncd5 Nb4 20. Kh1 c6 21. Nxb4
Rxe3 22. Bd1 Rfe8 23. Nc2 Rd3 24. Qxc5 dxc5 25. Kg1 Rxd1 26. Raxd1 Bxc2 27. Rfe1
Rb8 28. Rd7 b5 29. cxb5 cxb5 30. Rxa7 1-0

[Event "51st Groningen Open A 2013"]
[Site "Groningen NED"]
[Date "2013.12.30"]
[Round "9.23"]
[White "De Jong, Migchiel"]
[Black "Ypma, Peter"]
[Result "1-0"]
[WhiteTitle "IM"]
[WhiteElo "2347"]
[BlackElo "2179"]
[WhiteFideId "1002848"]
[BlackFideId "1027255"]
[EventDate "2013.12.21"]

1. e4 e5 2. Nf3 Nf6 3. Nxe5 d6 4. Nf3 Nxe4 5. d3 Nf6 6. d4 d5 7. Bd3 Bd6 8. O-O
O-O 9. h3 c5 10. dxc5 Bxc5 11. Bg5 Nc6 12. Nc3 Be6 13. a3 a6 14. Qd2 Rc8 15.
Rfe1 Bb6 16. Qf4 h6 17. Bxh6 gxh6 18. Qxh6 Re8 19. Ng5 Rc7 20. Bh7+ Kh8 21. Bf5+
Kg8 22. Nxe6 fxe6 23. Bxe6+ Rxe6 24. Rxe6 Rf7 25. Qg6+ Kf8 26. Rae1 Bxf2+ 27.
Kxf2 Qb6+ 28. R6e3 d4 29. Qh6+ Kg8 30. Rg3+ Ng4+ 31. Ke2 d3+ 32. Kd1 dxc2+ 33.
Kc1 1-0

[Event "51st Groningen Open A 2013"]
[Site "Groningen NED"]
[Date "2013.12.30"]
[Round "9.24"]
[White "Minko, Vladimir"]
[Black "Gerlagh, Joris"]
[Result "1/2-1/2"]
[WhiteTitle "FM"]
[WhiteElo "2327"]
[BlackElo "2032"]
[WhiteFideId "24146706"]
[BlackFideId "1038834"]
[EventDate "2013.12.21"]

1. d4 Nf6 2. c4 g6 3. Nf3 Bg7 4. g3 d5 5. cxd5 Nxd5 6. Bg2 Nb6 7. O-O Nc6 8. e3
e5 9. Nc3 exd4 10. Nxd4 Nxd4 11. exd4 c6 12. d5 cxd5 13. Nxd5 O-O 14. Be3 Nxd5
15. Qxd5 Qxd5 16. Bxd5 Rd8 17. Rad1 Bh3 18. Rfe1 Rd7 19. Bf3 Rad8 20. Rxd7 Rxd7
21. Bxa7 Bxb2 22. Rb1 Bc3 23. Be3 Be6 24. a4 Bf5 25. Rc1 Bd4 26. Bh6 f6 27. g4
Be6 28. Rc8+ Kf7 29. Rh8 Ke7 30. Rxh7+ Kd6 31. Rh8 g5 32. Re8 Bf7 33. Re2 Kc7
34. Bf8 Kb6 35. Rd2 Be6 36. Bb4 Be5 37. Rc2 Bb3 38. Rc8 Bxa4 39. Bc5+ Ka5 40.
Ra8+ 1/2-1/2

[Event "51st Groningen Open A 2013"]
[Site "Groningen NED"]
[Date "2013.12.30"]
[Round "9.25"]
[White "Lopez, Jasel"]
[Black "Efroimski, Marsel"]
[Result "0-1"]
[WhiteTitle "CM"]
[BlackTitle "WIM"]
[WhiteElo "2179"]
[BlackElo "2307"]
[WhiteFideId "15900045"]
[BlackFideId "2810964"]
[EventDate "2013.12.21"]

1. d4 Nf6 2. Nf3 g6 3. e3 Bg7 4. Bd3 c5 5. O-O d6 6. b3 O-O 7. Bb2 Nc6 8. a3
cxd4 9. exd4 Nh5 10. Re1 Bg4 11. Be2 Nf4 12. h3 Nxe2+ 13. Qxe2 Bxd4 14. c3 Bxf3
15. Qxf3 Bg7 16. Nd2 d5 17. Rad1 e6 18. Qe2 Qb6 19. b4 Rac8 20. Nf3 Ne7 21. Nd4
Rc4 22. h4 Nc6 23. Nf3 h5 24. Rd3 Re4 25. Qd2 Rxe1+ 26. Qxe1 Qb5 27. Re3 Qc4 28.
Bc1 d4 29. Re4 Qxc3 30. Bd2 Qd3 31. b5 Qxb5 32. g4 hxg4 33. Rxg4 Ne5 34. Nxd4
Qd5 0-1

[Event "51st Groningen Open A 2013"]
[Site "Groningen NED"]
[Date "2013.12.30"]
[Round "9.26"]
[White "Mostertman, Milan"]
[Black "Offringa, Joost"]
[Result "0-1"]
[WhiteElo "2304"]
[BlackElo "2178"]
[WhiteFideId "1025848"]
[BlackFideId "1025880"]
[EventDate "2013.12.21"]

1. e4 d6 2. d4 Nf6 3. Nc3 g6 4. g3 Bg7 5. Bg2 O-O 6. Nge2 e5 7. O-O Bg4 8. h3
exd4 9. hxg4 dxc3 10. e5 cxb2 11. Bxb2 Nxg4 12. Bxb7 Qg5 13. f3 Qe3+ 14. Kg2 Qb6
15. Bxa8 Ne3+ 16. Kh1 Nxd1 17. Bd4 Qb5 18. Be4 Qxe2 19. Raxd1 Bxe5 20. Bd3 Qxd1 0-1

[Event "51st Groningen Open A 2013"]
[Site "Groningen NED"]
[Date "2013.12.30"]
[Round "9.27"]
[White "Molinaroli, Martin"]
[Black "Theulings, Paul-Peter"]
[Result "1-0"]
[BlackTitle "CM"]
[WhiteElo "2269"]
[BlackElo "2130"]
[WhiteFideId "4606604"]
[BlackFideId "1002899"]
[EventDate "2013.12.21"]

1. b3 e5 2. Bb2 Nc6 3. e3 Nf6 4. Bb5 Bd6 5. Ne2 a6 6. Bxc6 dxc6 7. d3 O-O 8. Nd2
Re8 9. e4 a5 10. a4 Nd7 11. O-O Nc5 12. Nc4 Qh4 13. f4 exf4 14. Nxd6 cxd6 15.
Rxf4 Qh6 16. Qf1 Bd7 17. Ng3 f6 18. Kh1 Ne6 19. Rf2 Ng5 20. Nf5 Bxf5 21. Rxf5
Nf7 22. h3 Ne5 23. Qf2 c5 24. Rf1 Ng4 25. Qf3 Ne5 26. Qg3 Qg6 27. Qf2 b6 28. Rd1
Rad8 29. Rf1 h6 30. Kh2 Qf7 31. Qg3 Kh7 32. Bxe5 dxe5 33. Rxe5 Kg8 34. Ref5 Re6
35. Qf4 Qd7 36. Rd5 Qe7 37. c4 Re8 38. Qg4 Kh8 39. Rff5 Qc7+ 40. Kh1 R8e7 41.
Qg6 Qb8 42. Kg1 Qc7 43. Kf2 Qb8 44. h4 Qc7 45. h5 Qb8 46. Qg3 Qe8 47. Qf4 Kg8
48. Ke3 Kh8 49. Kd2 Kg8 50. Kc2 Kh8 51. Rd6 Re5 52. Rd5 R5e6 53. g4 Kg8 54. Kb2
Kh8 55. Ka3 Kg8 56. Rd6 Re5 57. Qf3 Rd7 58. Rd5 Rde7 59. Ka2 R7e6 60. Qe2 Qe7
61. Qh2 Kh8 62. Rf2 Kg8 63. Rd2 Kh8 64. d4 cxd4 65. R5xd4 Kh7 66. Qf4 Qb4 67.
Rd7 Qc3 68. R7d3 Qc1 69. Rd7 Qe1 70. R7d4 Qc1 71. Rd8 Qe1 72. R8d4 Qc1 73. Qf2
Qc3 74. R2d3 Qc1 75. Rd1 Qc3 76. Rg1 Kg8 77. Rgd1 Rxe4 78. Rd8+ Kf7 79. R8d7+
Re7 80. R1d3 Qxd3 81. Rxd3 Re2+ 82. Qxe2 Rxe2+ 83. Ka3 Ke6 84. Rd8 Rg2 85. Rb8
Rxg4 86. Rxb6+ Kd7 87. Rb5 Rg5 88. c5 f5 89. Rxa5 f4 90. Ra7+ Ke6 91. c6 Rf5 92.
Rxg7 f3 93. c7 Rf8 94. Rg1 f2 95. Rc1 Kd7 96. a5 f1=Q 97. c8=Q+ 1-0

[Event "51st Groningen Open A 2013"]
[Site "Groningen NED"]
[Date "2013.12.30"]
[Round "9.29"]
[White "Klapwijk, Bram"]
[Black "Heemskerk, Wim"]
[Result "0-1"]
[BlackTitle "FM"]
[WhiteElo "2039"]
[BlackElo "2240"]
[WhiteFideId "1009133"]
[BlackFideId "1001000"]
[EventDate "2013.12.21"]

1. e4 e6 2. Nc3 d5 3. Nf3 Nf6 4. e5 Nfd7 5. d4 c5 6. dxc5 Nc6 7. Bf4 Bxc5 8. Bd3
f6 9. exf6 Nxf6 10. Qe2 O-O 11. O-O-O a6 12. h4 b5 13. h5 Bd6 14. Bxd6 Qxd6 15.
g3 Bd7 16. Ng5 b4 17. Nb1 e5 18. Ne4 Nxe4 19. Bxe4 Nd4 20. Rxd4 exd4 21. Bd3
Rae8 22. Qf1 a5 23. Nd2 Qe5 24. Nb3 a4 25. Nc5 Re7 26. Rh4 Qg5+ 27. Kb1 Qxg3 28.
fxg3 Rxf1+ 29. Bxf1 Re1# 0-1

[Event "51st Groningen Open A 2013"]
[Site "Groningen NED"]
[Date "2013.12.30"]
[Round "9.30"]
[White "Christiansen, Johan-Sebastian"]
[Black "Burg, Brent"]
[Result "0-1"]
[WhiteElo "2217"]
[BlackElo "2227"]
[WhiteFideId "1512668"]
[BlackFideId "1019465"]
[EventDate "2013.12.21"]

1. d4 f5 2. c4 d6 3. g3 Nf6 4. Bg2 g6 5. Nf3 Bg7 6. Nc3 O-O 7. O-O Qe8 8. b3 c6
9. Ba3 h6 10. Qd3 Qf7 11. Rae1 Na6 12. Nh4 Nc7 13. f3 Nh5 14. f4 Bf6 15. Nf3 Ne6
16. d5 Qg7 17. Na4 cxd5 18. Qxd5 Kh7 19. Bc1 Rb8 20. e4 fxe4 21. Qxe4 Nc7 22.
Qe3 b5 23. cxb5 Nxb5 24. Kh1 Bd7 25. Qf2 Rbc8 26. h3 Nd4 27. g4 Rc2 28. Nd2 Rxa2
29. gxh5 Nxb3 30. hxg6+ Kh8 31. Qxa7 Bxa4 32. Nxb3 Bxb3 33. Qb7 Qxg6 34. Be4 Qf7
35. Rg1 Ra5 36. Re3 Bd5 37. Bxd5 Qxd5+ 38. Qxd5 Rxd5 39. Reg3 Rf5 40. Rg6 Kh7
41. R6g3 Rc8 42. Rd1 Rc2 43. Rg2 Rc3 44. Kh2 Rb3 45. Rdg1 d5 46. Rg3 Rb4 47. Ba3
Rbxf4 48. Bxe7 Rf2+ 49. Kh1 Be5 50. R3g2 R2f3 51. Rd1 Rxh3+ 52. Kg1 d4 53. Rf2
Kg6 54. Rfd2 Rg3+ 55. Rg2 Rxg2+ 56. Kxg2 Kf7 57. Bc5 Bf6 58. Bxd4 Rd5 59. Rh1
Rxd4 60. Rxh6 Ke6 61. Kf3 Kf5 62. Rh5+ Bg5 63. Rh8 Rd3+ 64. Ke2 Re3+ 65. Kf2 Kg4
66. Ra8 Re6 67. Rc8 Bh4+ 68. Kg1 Re1+ 69. Kg2 Re2+ 70. Kg1 Kh3 71. Rc1 Bg3 72.
Rb1 Rh2 73. Rd1 Rg2+ 74. Kh1 Re2 75. Kg1 Kg4 76. Rd4+ Bf4 77. Kf1 Re8 78. Kg2
Ra8 79. Rd3 Ra2+ 80. Kg1 Kf5 81. Rb3 Ke4 82. Kh1 Be3 83. Rb8 Kf3 84. Rb3 Ra1+
85. Kh2 Ra8 0-1

[Event "51st Groningen Open A 2013"]
[Site "Groningen NED"]
[Date "2013.12.30"]
[Round "9.32"]
[White "Dehn, Marcus"]
[Black "Bellia, Fabrizio"]
[Result "0-1"]
[BlackTitle "IM"]
[WhiteElo "2135"]
[BlackElo "2424"]
[WhiteFideId "4667093"]
[BlackFideId "800511"]
[EventDate "2013.12.21"]

1. d4 Nf6 2. Nf3 g6 3. Bf4 Bg7 4. e3 O-O 5. Be2 c5 6. c3 d6 7. dxc5 dxc5 8. Qxd8
Rxd8 9. Bc7 Rd7 10. Bg3 Ne4 11. Bb5 Nc6 12. Bh4 Nd6 13. a4 a6 14. Bxc6 bxc6 15.
Na3 Nf5 16. Nc4 Rb7 17. a5 Rb5 18. Bg5 Be6 19. Nb6 Re8 20. O-O Rxb2 21. Na4 Rb5
22. Bf4 Rxa5 23. Ne5 Bb3 24. Ra3 c4 0-1

[Event "51st Groningen Open A 2013"]
[Site "Groningen NED"]
[Date "2013.12.30"]
[Round "9.35"]
[White "Pel, Bonno"]
[Black "Mager, Denis"]
[Result "0-1"]
[WhiteTitle "FM"]
[WhiteElo "2313"]
[BlackElo "2060"]
[WhiteFideId "1004760"]
[BlackFideId "24691127"]
[EventDate "2013.12.21"]

1. g3 d5 2. Bg2 e5 3. d3 c6 4. Nf3 Bd6 5. e4 dxe4 6. dxe4 Bg4 7. Nbd2 Nf6 8. h3
Bh5 9. Qe2 Qe7 10. Nc4 Bc7 11. a4 Nbd7 12. b3 Nc5 13. Ba3 O-O 14. Qe3 Nfd7 15.
Nh4 Rfd8 16. Nf5 Qf8 17. O-O f6 18. Rfe1 b5 19. Nb2 a5 20. axb5 cxb5 21. Nd3 b4
22. Nxc5 Nxc5 23. Bb2 Bb6 24. Qc1 Rac8 25. Qb1 Nb7 26. Ne3 Bxe3 27. fxe3 Rd2 28.
Bc1 Rdxc2 29. Bf1 R2c5 30. Ba6 Qe7 31. Qd3 Bf7 32. Bd2 Rd8 33. Qe2 Nd6 34. Rec1
Nxe4 35. Be1 Qc7 36. Rd1 Bxb3 37. Rxd8+ Qxd8 38. Bb7 Nc3 39. Qa6 Bd5 40. Kh2
Bxb7 41. Qxb7 Qd5 42. Qb8+ Kf7 43. g4 Ne4 44. Bxb4 Rc2+ 45. Kg1 Ng5 46. Qf8+ Kg6
47. Qe8+ Nf7 0-1

[Event "51st Groningen Open A 2013"]
[Site "Groningen NED"]
[Date "2013.12.30"]
[Round "9.36"]
[White "Mollema, Thomas"]
[Black "Dijkhuis, Tycho"]
[Result "0-1"]
[WhiteElo "1977"]
[BlackElo "2202"]
[WhiteFideId "1034987"]
[BlackFideId "1036564"]
[EventDate "2013.12.21"]

1. e4 c5 2. Nf3 Nc6 3. c3 d5 4. exd5 Qxd5 5. d4 Bf5 6. a3 Nf6 7. Be3 e6 8. Be2
cxd4 9. Nxd4 Be4 10. f3 Bg6 11. Qa4 Bc5 12. Nb5 O-O-O 13. Nd4 Qe5 14. Nd2 Qxe3
15. Nc4 Rxd4 16. cxd4 Qxd4 17. Rf1 Rd8 18. g3 Bd3 19. Rd1 Qxc4 20. Qxc4 Bxc4 21.
Rxd8+ Kxd8 22. Bxc4 Bd4 23. b3 Na5 24. Ke2 Nxc4 25. bxc4 Kc7 26. Kd3 Bc5 27. Ra1
Nd7 28. f4 Nf6 29. Ra2 Kc6 30. Kc3 Ne4+ 31. Kd3 Nd6 32. a4 a5 33. g4 Nc8 34. h4
Bd6 35. f5 exf5 36. gxf5 Be7 37. h5 Bf6 0-1

[Event "51st Groningen Open A 2013"]
[Site "Groningen NED"]
[Date "2013.12.30"]
[Round "9.37"]
[White "Van Foreest, Lucas"]
[Black "Vereggen, Lars"]
[Result "1-0"]
[WhiteElo "2120"]
[BlackElo "2147"]
[WhiteFideId "1039792"]
[BlackFideId "1029258"]
[EventDate "2013.12.21"]

1. d4 Nf6 2. c4 e6 3. Nf3 d5 4. Nc3 a6 5. cxd5 exd5 6. Bg5 Be7 7. e3 b5 8. Bd3
Bb7 9. O-O Nbd7 10. Qc2 h6 11. Bh4 O-O 12. Rfe1 Rc8 13. Bf5 c5 14. dxc5 Rxc5 15.
Bxd7 Qxd7 16. Bxf6 Bxf6 17. Nd4 b4 18. Qa4 Qxa4 19. Nxa4 Bxd4 20. exd4 Rc2 21.
Rac1 Rd2 22. Red1 Rxd1+ 23. Rxd1 Bc6 24. Nc5 a5 25. Re1 Re8 26. Rxe8+ Bxe8 27.
f3 Kf8 28. Kf2 Ke7 29. Ke3 Bb5 30. g3 g5 31. h4 f6 32. hxg5 hxg5 33. Nb3 a4 34.
Na1 Be8 35. Nc2 b3 36. axb3 axb3 37. Nb4 Kd6 38. Nd3 Bb5 39. Kd2 Bc4 40. Kc3 Ke6
41. Nc1 Kd6 42. Nxb3 Be2 43. Nd2 Kc6 44. Kb4 Kb6 45. f4 1-0